000
00301nam a22001337a 4500
008
181107b xxu||||| |||| 00| 0 eng d
020
_a
9780495007753
041
_a
eng
080
_2
7th
_a
159.9
100
_a
49
101
_a
PSI
245
_a
Counseling Children
_c
Thompson, Ch. L
942
_2
udc
_c
BK
999
_c
52146
_d
52146